आलोचना का आत्मसंघर्ष (Record no. 56411)

MARC details
000 -LEADER
fixed length control field 02618nam a22003497a 4500
005 - DATE AND TIME OF LATEST TRANSACTION
control field 2010101908158.0
008 - FIXED-LENGTH DATA ELEMENTS--GENERAL INFORMATION
fixed length control field 101019t xxu||||| |||| 00| 0 hin d
010 ## - LCCN (DPL NO)
LC control number HIN-93910 B-472173-176
020 ## - INTERNATIONAL STANDARD BOOK NUMBER
Terms of availability 495.00
International Standard Book Number 9789350007716
035 ## - SYSTEM CONTROL NUMBER
System control number HN-66256 B-472173-176
037 ## - SOURCE OF ACQUISITION
Source of stock number/acquisition DBAD / PUB
037 ## - SOURCE OF ACQUISITION
Source of stock number/acquisition विर्चुअस पब्लिकेशंस
040 ## - CATALOGING SOURCE
Original cataloging agency DPL
Language of cataloging HN
082 ## - DEWEY DECIMAL CLASSIFICATION NUMBER
Classification number 820.8
100 ## - MAIN ENTRY--PERSONAL NAME
9 (RLIN) 23632
245 ## - TITLE STATEMENT
Title आलोचना का आत्मसंघर्ष
Statement of responsibility, etc रवि रंजन द्वारा संम्पादित
Remainder of title सन्दर्भ;मैनेजर पाण्डेय का आलोचना कर्म /
246 ## - VARYING FORM OF TITLE
Title proper/short title Alochana ka Atmsangharsh
260 ## - PUBLICATION, DISTRIBUTION, ETC. (IMPRINT)
Place of publication, distribution, etc नई दिल्ली
Name of publisher, distributor, etc वाणी प्रकाशन
Date of publication, distribution, etc 2011
270 ## - ADDRESS
Address 4695, 21-ए, दरियागंज,
City नई दिल्ली
Postal code 110002
Telephone number 0091#11#23273167
Fax number 23275710
Electronic mail address vaniprakashan@gmail.com
300 ## - PHYSICAL DESCRIPTION
Extent 328पृ.
Dimensions 22सेमी (सजिल्द)
650 ## - SUBJECT ADDED ENTRY--TOPICAL TERM
9 (RLIN) 657
650 ## - SUBJECT ADDED ENTRY--TOPICAL TERM
9 (RLIN) 34273
700 ## - ADDED ENTRY--PERSONAL NAME
9 (RLIN) 34278
Personal name रवि रंजन
700 ## - ADDED ENTRY--PERSONAL NAME
9 (RLIN) 34291
942 ## - ADDED ENTRY ELEMENTS (KOHA)
Source of classification or shelving scheme Dewey Decimal Classification
Item type Hindi Books
Classification part 820.8
Call number suffix आलोच
Holdings
Withdrawn status Lost status Source of classification or shelving scheme Damaged status Not for loan Collection code Home library Current library Date acquired Source of acquisition Cost, normal purchase price Total Checkouts Full call number Barcode Date last seen Copy number Cost, replacement price Koha item type Total Renewals
    Dewey Decimal Classification     Non-fiction Bawana Bawana 17/07/2012 विर्चुअस पब्लिकेशंस/1594/27.03.12/38/20.03.12/30.03.12 495.00 1 820.8 आलोच B-472176 12/05/2022 1 495.00 Hindi Books  
    Dewey Decimal Classification     Non-fiction Central Library Central Library 17/07/2012 विर्चुअस पब्लिकेशंस/1594/27.03.12/38/20.03.12/30.03.12 495.00   820.8 आलोच B-472173 17/07/2012 1 495.00 Hindi Books  
    Dewey Decimal Classification   Not For Loan Non-fiction D.B.Act.Division D.B.Act.Division 06/09/2011 DBAD/PUB 495.00   820.8 आलोच HN-66256 06/09/2011 1 495.00 Hindi Books  
    Dewey Decimal Classification     Non-fiction Patel Nagar Patel Nagar 17/07/2012 विर्चुअस पब्लिकेशंस/1594/27.03.12/38/20.03.12/30.03.12 495.00 1 820.8 आलोच B-472174 30/03/2021 1 495.00 Hindi Books 2
    Dewey Decimal Classification     Non-fiction Sarojini Nagar Sarojini Nagar 17/07/2012 विर्चुअस पब्लिकेशंस/1594/27.03.12/38/20.03.12/30.03.12 495.00 1 820.8 आलोच B-472175 26/10/2018 1 495.00 Hindi Books  

© Delhi Public Library
Hit Counter
free hit counter